Central Library OPAC University of Rajshahi

Ecology of Plants in the Tropics / (Record no. 72631)

MARC details
000 -LEADER
fixed length control field 00958nam a2200289 a 4500
001 - CONTROL NUMBER
control field 72631
003 - CONTROL NUMBER IDENTIFIER
rucl marc code BD-RjUL
005 - DATE AND TIME OF LATEST TRANSACTION
control field 20211209082305.0
008 - FIXED-LENGTH DATA ELEMENTS--GENERAL INFORMATION
fixed length control field 170522s1975 enka b 000 0 eng d
020 ## - INTERNATIONAL STANDARD BOOK NUMBER
International Standard Book Number 0713124814 :
Terms of availability £2.80.
International Standard Book Number 0713124822
035 ## - SYSTEM CONTROL NUMBER
System control number (BD-RjUL)72849
040 ## - CATALOGING SOURCE
Original cataloging agency DLC
Transcribing agency DLC
Modifying agency DLC
-- BD-RjUL
Language of cataloging eng
041 ## - LANGUAGE CODE
Language code of text/sound track or separate title eng
082 00 - DEWEY DECIMAL CLASSIFICATION NUMBER
Classification number 581.7
Edition number 23
Author mark and year JAE 1975
100 1# - MAIN ENTRY--PERSONAL NAME
Personal name Janzen, Daniel H.
9 (RLIN) 214832
245 10 - TITLE STATEMENT
Title Ecology of Plants in the Tropics /
Statement of responsibility, etc. Daniel H. Janzen.
260 ## - PUBLICATION, DISTRIBUTION, ETC. (IMPRINT)
Place of publication, distribution, etc. London :
Name of publisher, distributor, etc. Edward Arnold,
Date of publication, distribution, etc. 1975.
300 ## - PHYSICAL DESCRIPTION
Pagination v, 66 p. :
Illustrations ill. ;
Size 23 cm.
490 1# - SERIES STATEMENT
Series statement The Institute of Biology's Studies in biology ;
Volume/sequential designation no. 58
504 ## - BIBLIOGRAPHY, ETC. NOTE
Bibliography, etc Bibliography: p. [64]-66.
650 #0 - SUBJECT ADDED ENTRY--TOPICAL TERM
Topical term or geographic name as entry element Plant ecology
Geographic subdivision Tropics.
9 (RLIN) 214833
Topical term or geographic name as entry element Tropical plants
General subdivision Ecology.
9 (RLIN) 214834
Topical term or geographic name as entry element Angiosperms
General subdivision Ecology
Geographic subdivision Tropics.
9 (RLIN) 214835
830 #0 - SERIES ADDED ENTRY--UNIFORM TITLE
Uniform title Institute of Biology's studies in biology ;
Volume number/sequential designation no. 58.
942 ## - ADDED ENTRY ELEMENTS (KOHA)
Source of classification or shelving scheme Dewey Decimal Classification
Koha item type Books
Holdings
Lost status Source of classification or shelving scheme Damaged status Not for loan Collection code Permanent Location Current Location Shelving location Date acquired Source of acquisition Cost, normal purchase price Total Checkouts Full call number Date last seen Copy number Koha item type Date checked out
  Dewey Decimal Classification   Not For Loan Non-fiction Central Library, University of Rajshahi Central Library, University of Rajshahi Reading Room 02/07/1982 Heffers 1.95   581.7 JAE 1975 22/05/2017 C-1 Books  
  Dewey Decimal Classification     Non-fiction Central Library, University of Rajshahi Central Library, University of Rajshahi   02/07/1982 Heffers 1.95 1 581.7 JAE 1975 12/12/2022 C-2 Books 01/12/2022